Lý luận dạy học đại cương Tập 2

Guardat en:
Dades bibliogràfiques
Autor principal: Nguyễn Ngọc Quang
Format: Llibre
Idioma:Vietnamese
Publicat: H. Trường cán bộ quản lý giáo dục Trung ương I 1989
Matèries:
Etiquetes: Afegir etiqueta
Sense etiquetes, Sigues el primer a etiquetar aquest registre!
Thư viện lưu trữ: Mạng thư viện Đại học Đà Nẵng
LEADER 01068nam a2200313 4500
001 000006471
003 2627
005 20110912140902.0
008 110912s1989 viesd
020 |c 15000 đ 
041 0 |a vie 
082 |a 378  |b NG-Q 
100 0 |a Nguyễn Ngọc Quang 
245 1 0 |a Lý luận dạy học đại cương  |c Nguyễn Ngọc Quang  |n Tập 2 
260 |a H.  |b Trường cán bộ quản lý giáo dục Trung ương I  |c 1989 
300 |a 224 tr.  |c 19 cm 
653 |a lý luận dạy học 
773 |t Lý luận dạy học đại cương  |w 2625 
910 |a Minh  |d 12/9/2011 
OWN |a LSP 
AVA |a UDN50  |b LSP  |d 378 NG-Q  |e available  |t Error 5001 Not defined in file expand_doc_bib_avail.  |f 5  |g 1  |h N  |i 0  |k 1 
999 |a From the UDN01 
AVA |a UDN50  |b LSP  |d 378 NG-Q  |e available  |t Error 5001 Not defined in file expand_doc_bib_avail.  |f 5  |g 1  |h N  |i 0  |k 1 
TYP |a Monograph 
TYP |a Printed language 
980 |a Mạng thư viện Đại học Đà Nẵng